Public financing and economics of education in India / (Record no. 19412)

MARC details
000 -LEADER
fixed length control field 00913nam a22002297a 4500
008 - FIXED-LENGTH DATA ELEMENTS--GENERAL INFORMATION
fixed length control field 081203t xxu||||| |||| 00| 0 eng d
010 ## - LCCN (DPL NO)
LC control number ENG-91965
020 ## - INTERNATIONAL STANDARD BOOK NUMBER
International Standard Book Number 9788189901516
Terms of availability 750.00
035 ## - SYSTEM CONTROL NUMBER
System control number EN-75498
037 ## - SOURCE OF ACQUISITION
Source of stock number/acquisition DBAD / PUB
040 ## - CATALOGING SOURCE
Original cataloging agency dpl
Language of cataloging English
082 ## - DEWEY DECIMAL CLASSIFICATION NUMBER
Classification number 379.1210954
100 ## - MAIN ENTRY--PERSONAL NAME
Personal name Panda, Hemant Kumar
245 ## - TITLE STATEMENT
Title Public financing and economics of education in India /
Statement of responsibility, etc by Hemant Kumar Panda
260 ## - PUBLICATION, DISTRIBUTION, ETC. (IMPRINT)
Place of publication, distribution, etc Delhi
Name of publisher, distributor, etc Academic Excellence
Date of publication, distribution, etc 2008
270 ## - ADDRESS
Address 42 Ekta Apartment, Geeta Colony,
City Delhi
Postal code 110031
300 ## - PHYSICAL DESCRIPTION
Extent vi, 304p.:
Dimensions 22cm (Hb)
500 ## - GENERAL NOTE
General note Includues bibliographical references and index
650 ## - SUBJECT ADDED ENTRY--TOPICAL TERM
Topical term or geographic name as entry element Education
General subdivision Finance.
942 ## - ADDED ENTRY ELEMENTS (KOHA)
Source of classification or shelving scheme Dewey Decimal Classification
Item type English Books
Call number suffix PAN
Classification part 379.1210954
Holdings
Withdrawn status Lost status Source of classification or shelving scheme Damaged status Not for loan Collection code Home library Current library Date acquired Source of acquisition Cost, normal purchase price Total Checkouts Full call number Barcode Date last seen Copy number Cost, replacement price Koha item type
    Dewey Decimal Classification   Not For Loan Non-fiction D.B.Act.Division D.B.Act.Division 03/12/2008 DBAD / PUB 750.00   379.1210954 PAN EN-75498 03/12/2008 1 750.00 English Books

© Delhi Public Library
Hit Counter
free hit counter